|
|
|
|
| LEADER |
00000cam a2200000 a 4500 |
| 001 |
vtls010626554 |
| 003 |
SK-MaSNL |
| 005 |
20260426015856.0 |
| 008 |
240318s2013 xr abo f n 001 0 cze |
| 015 |
|
|
|a SNBZSA2016/12
|
| 020 |
|
|
|a 9788086447155
|q (viazané)
|
| 035 |
|
|
|a F51ADB7D-5CF9-4E67-98F8-801D5A6E6205
|
| 035 |
|
|
|a urn:nbn:sk:snk-amycbu
|
| 035 |
|
|
|a urn:nbn:sk:snk-am00cg8o
|
| 040 |
|
|
|a SNK
|b slo
|c SNK
|e AACR2
|
| 041 |
0 |
|
|a cze
|a eng
|
| 043 |
|
|
|a e-xr---
|a e-xo---
|
| 044 |
|
|
|a xr
|c CZ
|
| 072 |
|
7 |
|a 59
|x Zoológia
|2 konspekt
|
| 080 |
|
|
|a 594
|2 2011
|
| 080 |
|
|
|a 591.9
|2 2011
|
| 080 |
|
|
|a (437.3)
|2 2011
|
| 080 |
|
|
|a (437.6)
|2 2011
|
| 080 |
|
|
|a (084.4)
|2 2011
|
| 080 |
|
|
|a (048.8:082)
|2 2011
|
| 100 |
1 |
|
|a Horsák, Michal,
|d 1975-
|4 aut
|9 21950
|
| 245 |
1 |
0 |
|a Měkkýši České a Slovenské republiky
|b molluscs of the Czech and Slovak Republics
|c Michal Horsák, Lucie Juřičková, Jaroslav Picka
|
| 246 |
3 |
1 |
|a Molluscs of the Czech and Slovak Republics
|
| 250 |
|
|
|a 1 st ed.
|
| 260 |
|
|
|a Zlín
|b Kabourek
|c 2013
|
| 300 |
|
|
|a 264 s.
|b fareb. il., fotogr., mapy,
|c 24 cm
|
| 504 |
|
|
|a Bibliografia s. 234-242, registre s. 243-264
|
| 546 |
|
|
|a Súbežný názov a text angl.
|
| 650 |
0 |
7 |
|a mäkkýše
|2 SNKPH
|9 18799
|
| 650 |
0 |
7 |
|a Molluscs
|2 SNKPHeng
|9 375513
|
| 650 |
0 |
7 |
|a fauna
|2 SNKPH
|9 3748
|
| 650 |
0 |
7 |
|a Animals
|2 SNKPHeng
|9 267568
|
| 651 |
|
7 |
|a Česko
|2 SNKPH
|9 16753
|
| 651 |
|
7 |
|a Czechia
|2 SNKPHeng
|9 170107
|
| 651 |
|
7 |
|a Slovensko
|2 SNKPH
|9 14231
|
| 651 |
|
7 |
|a Slovakia
|2 SNKPHeng
|9 92630
|
| 655 |
|
7 |
|a atlasy
|2 SNKPH
|9 70424
|
| 655 |
|
7 |
|a Atlases
|2 SNKPHeng
|9 280087
|
| 655 |
|
7 |
|a kolektívne monografie
|2 SNKPH
|9 249850
|
| 655 |
|
7 |
|a Collective monographs
|2 SNKPHeng
|9 125747
|
| 700 |
1 |
|
|a Juřičková, Lucie,
|4 aut
|9 754956
|
| 700 |
1 |
|
|a Picka, Jaroslav,
|d 1934-,
|4 aut
|9 112267
|
| 919 |
|
|
|a 978-80-86447-15-5
|
| 958 |
|
|
|a TL
|
| 958 |
|
|
|a NB
|
| 958 |
|
|
|a SK
|
| 958 |
|
|
|a CZ
|
| 958 |
|
|
|a ZS
|
| 999 |
|
|
|c 1196384
|d 1198314
|
| 952 |
|
|
|a SNK
|b SNK
|y PREZ
|7 0
|p 17A1215884
|o snkSC 171703
|i snk2016/24651
|8 4
|g 54.88
|0 0
|1 0
|4 0
|d 2016-08-15
|f 1
|l 0
|r 2025-09-10 00:00:00
|w 2026-02-24
|
| 952 |
|
|
|t snkHOR 594(437.3+437.6)
|a SNKUST
|b SNKUST
|y PREZ
|7 0
|p 17A1274541
|o snkSC 171703 D1
|i snk2017/25365
|8 3
|g 54.98
|0 0
|1 0
|4 0
|d 2017-11-16
|l 0
|r 2025-03-19 00:00:00
|w 2026-02-24
|